000 01046nam0a22002651 4500
001 v19\rc\1494000
005 20260407143418.0
035 _a(NLR Aleph) 004622857
090 _a3063735
_c3063735
100 _a20060620d1881 |||y0rusy50 ca
101 0 _arus
102 _aRU
105 _ay z |||||
200 1 _aУсловие прямого товарного сообщения между Московско-Курской и Ряжско-Вяземской железными дорогами
210 _aСанкт-Петербург
_cтип. и лит. Евстифеева
_d1881
215 _a24 с.
_d24
309 _aБез тит. л.
710 0 2 _aМосковско-Курская железная дорога
_cдо 1917 г.
_3RU\NLR\AUTH\8810015235
_9528338
712 0 2 _aРяжско-Вяземская железная дорога
_3RU\NLR\AUTH\889964068
_9424357
801 0 _aRU
_bNLR
_gpsbo
801 0 _aRU
_bRuMoRGB
_2psbo
801 1 _aRU
_bProSoft-M
_2rusmarc
852 _aNLR
_j18.263.1.248
942 _cBOOK
980 _aNB